| 000 | 00824nam a22001337a 4500 | ||
|---|---|---|---|
| 040 | _cRUA | ||
| 082 | _aAVM HEA 2012 B103 Or.1 | ||
| 100 | _aHEANG, PISETH. | ||
| 245 | _astudy on period of semen conserv ation by different raising solution in cpraks at samroang torng district, dampong speu province (សិក្សាពីរយះពេលរក្សាទឹកកាមជ្រូក ដោយល្បាយចិញ្ចឹមផ្សេងគ្នា នៅកសិដ្ឋានសមាគមអ្នកចិញ្ចឹមជ្រូក ស្រុកសំរោងទង ខេត្តកំពង់ស្ពឺ) | ||
| 260 |
_aPhnom Penh _bRUA _c2012 |
||
| 300 |
_axii, 58p. _bill. _c29cm. |
||
| 856 | _uhttps://drive.google.com/file/d/1nGQvsA9B_EgT_w2QLdzfkujkWgNO6dc4/view?usp=sharing | ||
| 942 | _cAVM | ||
| 999 |
_c2723 _d2723 |
||